| 000 | 00776nas a2200241 4500 | ||
|---|---|---|---|
| 001 | BR9200774 | ||
| 003 | BR-BrBNA | ||
| 005 | 20231205092314.0 | ||
| 007 | ta | ||
| 008 | 230509b bl.|||p| |||| 00| 00por d | ||
| 040 |
_aBR-BrBNA _bpor _cBiblioteca Nacional de Agricultura |
||
| 041 | _a(Pt) | ||
| 072 | _aH20 | ||
| 100 | 1 | _aGallotti, G.J.M. | |
| 245 | 1 | _aAvaliacao da resistencia de Vitis spp. a Fusarium oxysporum f.sp. herbemontis | |
| 246 | 1 | _aResistance of Vitis spp. to Fusarium oxysporum f.sp. herbemontis | |
| 650 | _aUVA | ||
| 650 | _aFUSARIOSE | ||
| 650 | _aVARIEDADE RESISTENTE | ||
| 773 | 0 |
_tFitopatologia Brasileira (Brazil) _xISSN 0100-4158 _g(Mar 1991), v. 16(1) p. 74-77 _wBR9200774 |
|
| 909 |
_a202311 _bLúcia _c55 _dLúcia Elande |
||
| 942 |
_2AGRIS _n0 _cANA |
||
| 999 |
_c130802 _d130802 |
||